000 00275nam a2200109Ia 4500
008 200302s9999 xx 000 0 und d
100 _aDavid Pearson
245 _aIn Search of natural Architecture
260 _bGaia Books Publishing Group
260 _c2005
300 _a159 P.,
999 _c5092
_d5092